000 00590nam a22002051 4500
001 20857
003 CZ PrNK
005 20260206103959.0
008 020507s1946 xo slo
040 _aABA001
_bcze
_cABA001
_dABA001
100 1 _aKarvaš, Peter,
_d1920-1999
_4aut
245 1 0 _aNiet prístavov :
_bNovely.
_nKn. 1 /
_cPeter Karvaš
250 _aVyd. 1.
260 _aTurčiansky Sv. Martin :
_bMatica slovenská,
_c1946
300 _a403 s. ;
_c
490 1 _aSlovenské pohľady ;
_vSv. 110
830 0 _aSlovenské pohľady
910 _aABA001
942 _2ddc
_cKLDO
_n0
999 _c20857
_d20857